100k+ Cities in France - Statistics

General Stats
  • This quiz has been taken 51 times
  • The average score is 25 of 37
Answer Stats
Population Answer % Correct
2,148,271 Paris
100%
472,317 Lyon
98%
794,811 Marseille
98%
277,269 Nantes
98%
231,844 Bordeaux
96%
433,055 Toulouse
96%
228,328 Lille
94%
274,845 Strasbourg
94%
338,620 Nice
89%
144,899 Brest
87%
248,252 Montpellier
85%
209,375 Rennes
83%
149,782 Dijon
81%
196,565 Reims
81%
185,972 Le Havre
72%
124,149 Orleans
70%
158,552 Grenoble
68%
123,914 Metz
68%
112,787 Rouen
68%
168,701 Toulon
66%
141,621 Tours
66%
148,236 Nimes
64%
105,334 Nancy
62%
176,280 Saint-Etienne
62%
143,086 Amiens
57%
110,706 Perpignan
57%
138,681 Clermont-Ferrand
55%
110,624 Caen
51%
144,515 Le Mans
51%
141,176 Limoges
49%
146,821 Aix-en-Provence
47%
168,279 Angers
47%
111,430 Mulhouse
47%
128,426 Besancon
43%
131,445 Villeurbanne
38%
101,475 Argenteuil
28%
108,782 Boulogne-Billancourt
15%
No matching quizzes found
Score Distribution
Percent of People with Each Score
Percentile by Number Answered
Your Score History
You have not taken this quiz